000 01121 a2200217 4500
005 20080915171732.0
008 080915t xxu||||| |||| 00| 0 hin d
010 _aHIN-80865
020 _a81857266
_c200.00
035 _aHN-53211
037 _bD.B.Act / pub
082 _a398.2
100 _aप्रसाद, दिनेश्वर
245 _aलोकसाहित्य और संस्कृति
_cदिनेश्वर प्रसाद
250 _aपरिवर्दित द्वितीय संस्क
260 _aइलाहाबाद
_bजय भारती प्रकाशन
_c2007
300 _a216पृ
_c22 सेमी (सजिल्द)
270 _a267बी, मुट्ठीगंज माया प्रेस रोड
_bइलाहाबाद
_e211003
942 _adpl
_cHN
_k398.2 / प्रसाद
_2ddc
_h398.2
_mप्रसाद
999 _c7302
_d7302